|
|
|
|
| LEADER |
01490nam a2200349 a 4500 |
| 001 |
000094285 |
| 003 |
CZ BrMZK |
| 005 |
20080617104359.0 |
| 007 |
ta |
| 008 |
960815s1995 xr f cze d |
| 015 |
|
|
|a cnb000146776
|
| 020 |
|
|
|a 80-210-1261-7
|
| 035 |
|
|
|a (OCoLC)37252089
|
| 040 |
|
|
|a BOA001
|b cze
|
| 080 |
|
|
|a 376.4/.6(075.8)
|2 MRF
|
| 100 |
1 |
|
|a Spousta, Vladimír,
|d 1930-
|7 jn19990209789
|4 aut
|
| 245 |
1 |
0 |
|a Speciálně pedagogická diagnostika etopedická /
|c Vladimír Spousta
|
| 250 |
|
|
|a 2. vyd.
|
| 260 |
|
|
|a Brno :
|b Masarykova univerzita,
|c 1995
|
| 300 |
|
|
|a 105 s. ;
|c 29 cm
|
| 504 |
|
|
|a Obsahuje bibliografii
|
| 521 |
8 |
|
|a Určeno pro posluchače pedagogické fakulty
|
| 653 |
0 |
|
|a diagnostické ústavy
|a etopedie
|a sociální pedagogika
|a speciální pedagogická diagnostika
|
| 710 |
2 |
|
|a Masarykova univerzita.
|b Pedagogická fakulta
|7 kn20010709279
|
| 910 |
|
|
|a BOA001
|b 4-1025.079
|b PK-N-0032.755
|
| 920 |
|
|
|a 000105913
|
| 964 |
|
|
|a Etopedie
|x diagnostika
|x učebnice
|x školy vysoké
|
| 990 |
|
|
|a BK
|
| 996 |
7 |
|
|b 2610042347
|c 4-1025.079
|l MZK
|r Sklad / do 1 hodiny
|n 72
|p p.v.
|w 000094285
|u 000010
|a 1
|e BOA001
|j MZK50
|s A
|
| 996 |
7 |
|
|b 3119005824
|c PK-N-0032.755
|l MZK
|r Sklad / do 1 hodiny
|n 37
|p kup
|w 000094285
|u 000020
|a 1
|e BOA001
|j MZK50
|s A
|
| 996 |
7 |
|
|b 3119005825
|c PK-N-0032.755
|l MZK
|r Sklad / do 1 hodiny
|n 35
|p kup
|w 000094285
|u 000030
|a 1
|e BOA001
|j MZK50
|s A
|
| 996 |
7 |
|
|b 3119005826
|c PK-N-0032.755
|l MZK
|r Sklad / do 1 hodiny
|n 37
|p kup
|w 000094285
|u 000040
|a 1
|e BOA001
|j MZK50
|s A
|